Pakistan, fifty years of nationhood / (Record no. 588351)

000 -LEADER
fixed length control field 00944cam a2200313 a 4500
001 - CONTROL NUMBER
control field 12250256
003 - CONTROL NUMBER IDENTIFIER
control field NUST
005 - DATE AND TIME OF LATEST TRANSACTION
control field 20220228125742.0
008 - FIXED-LENGTH DATA ELEMENTS--GENERAL INFORMATION
fixed length control field 000204s1999 pk b 001 0 eng
010 ## - LIBRARY OF CONGRESS CONTROL NUMBER
LC control number 00281752
025 ## - OVERSEAS ACQUISITION NUMBER
Overseas acquisition number P-E-00281752; 07
035 ## - SYSTEM CONTROL NUMBER
System control number (DLC) 00281752
038 ## - RECORD CONTENT LICENSOR
Staff Name waseem
040 ## - CATALOGING SOURCE
Original cataloging agency DLC
Transcribing agency DLC
042 ## - AUTHENTICATION CODE
Authentication code lcode
043 ## - GEOGRAPHIC AREA CODE
Geographic area code a-pk---
050 00 - LIBRARY OF CONGRESS CALL NUMBER
Classification number DS384
Item number .B8775 1999
082 ## - DEWEY DECIMAL CLASSIFICATION NUMBER
Classification number 954.91
Author Mark BUR
100 1# - MAIN ENTRY--PERSONAL NAME
Personal name Burki, Shahid Javed.
9 (RLIN) 89820
245 10 - TITLE STATEMENT
Title Pakistan, fifty years of nationhood /
Statement of responsibility, etc. Shahid Javed Burki.
260 ## - PUBLICATION, DISTRIBUTION, ETC.
Place of publication, distribution, etc. Lahore :
Name of publisher, distributor, etc. Vanguard,
Date of publication, distribution, etc. 2004.
300 ## - PHYSICAL DESCRIPTION
Extent xxi, 250 p. ;
Dimensions 22 cm.
504 ## - BIBLIOGRAPHY, ETC. NOTE
Bibliography, etc. note Includes bibliographical references (p. 233-238) and index.
563 ## - BINDING INFORMATION
Binding note HBK.
651 #0 - SUBJECT ADDED ENTRY--GEOGRAPHIC NAME
Geographic name Pakistan
General subdivision History.
9 (RLIN) 89821
906 ## - LOCAL DATA ELEMENT F, LDF (RLIN)
a 7
b cbc
c origode
d 3
e ncip
f 20
g y-gencatlg
942 ## - ADDED ENTRY ELEMENTS (KOHA)
Source of classification or shelving scheme
Koha item type Book
Holdings
Withdrawn status Lost status Source of classification or shelving scheme Damaged status Not for loan Permanent Location Current Location Shelving location Date acquired Source of acquisition Total Checkouts Full call number Barcode Date last seen Date last checked out Price effective from Koha item type
          NUST Law School (NLS) NUST Law School (NLS) History 02/28/2022 Vanguard Books 1 954.91 BUR CL-1053 10/24/2023 09/25/2023 02/28/2022 Book
© 2023 Central Library, National University of Sciences and Technology. All Rights Reserved.